000 00227nam a2200097Ia 4500
008 220204s9999 xx 000 0 und d
082 _a914(33)
_bHOL
245 0 _aHoly land
260 _bColour Library International
942 _cBK
999 _c35877
_d35877